| 000 | 00464cam a22001337a 4500 | ||
|---|---|---|---|
| 008 | 180718b1981 xxu||||| |||| 00| 0 eng d | ||
| 082 | _aA81x54 In2/71/19/Pt 2 B/2 | ||
| 100 | _aCensus of India 1971 | ||
| 245 | _aTamil Nadu: general economic tables | ||
| 260 |
_aNew Delhi _bThe Controller of Publications _c1981 |
||
| 300 | _a350+p. | ||
| 440 | _aCensus of India 1971. Series-19, Tamil Nadu. Part II-B (ii) | ||
| 500 | _aContents: Tables B-I, Part B, B-III and B-IV | ||
| 999 |
_c485519 _d485519 |
||